| 000 | 00333nam a22001457a 4500 | ||
|---|---|---|---|
| 003 | SGT | ||
| 082 |
_a615.53 _bS13S |
||
| 100 | _aSHARMA, SHREE RAM | ||
| 245 | _aSABDA BRAHA- NADA BRAHA | ||
| 260 |
_aMATHURA _bAKHAND JYOTI SANSTHAN _c2013 |
||
| 300 | _a236 | ||
| 650 | _aAYURVEDA | ||
| 653 | _aSABDA, BRAHA, NADA, | ||
| 942 |
_2ddc _cBK |
||
| 999 |
_c32298 _d32298 |
||